000 00699nam a2200205Ii 4500
003 JO-AjNU
008 230606s9999||||xx |||||||||||||| ||und||
020 _a978-0-7486-3554-2(hardback) , 978-0-7486-3555-9(Paperback)
040 _aJO-AjNU
_beng
_erda
_cJO-AjNU
041 _aeng
050 1 4 _aPR5484.G44 2010
100 3 _aEdited by: Fielding, Penny,
_eauthor
_92551
245 0 4 _aThe Edinburgh Companion to Robert Louis Stevenson
264 3 1 _aEdinburgh: Edinburgh University Press, 2010
300 _a198P
336 _atext
_btxt
_2rdacontent
337 _aunmediated
_bn
_2rdamedia
338 _avolume
_bnc
_2rdacarrier
650 4 _aThe Edinburgh Companion to Robert Louis Stevenson
_92552
999 _aE1334
_c1334
_d1334